000 00533nam a22001697a 4500
999 _c40628
_d40628
003 OSt
005 20210122135857.0
008 191016b ||||| |||| 00| 0 eng d
020 _a9789387444409
040 _coclc
082 _a418
_bRAO/M
100 _aRao,G Subba
_98364
245 _aMastering Effective Reading Skills For Civil Services Examination //
_cG Subba Rao ; PN Roy Chowdhury
260 _aDelhi:
_bCL Media,
_c2018.
700 _aChowdhury,PN Roy
942 _2ddc
_cREF
_h418
_iRAO/M
_k418
_mRAO/M